Major North American Theme Parks - Statistics

General Stats
  • This quiz has been taken 12 times
  • The average score is 27 of 58
Answer Stats
Location Answer # % Correct
USA Carowinds 14
86%
USA Cedar Point 18
86%
USA Six Flags Great Adventure 15
86%
USA Six Flags Magic Mountain 19
86%
Canada Canada's Wonderland 18
71%
USA Dollywood 10
71%
USA Hersheypark 14
71%
USA Kings Dominion 13
71%
USA Kings Island 15
71%
USA Knott's Berry Farm 10
71%
USA Six Flags Fiesta Texas 12
71%
USA Six Flags Great America 16
71%
USA Six Flags New England 12
71%
USA Six Flags Over Georgia 13
71%
USA Busch Gardens Tampa 9
57%
USA Busch Gardens Williamsburg 11
57%
USA Dorney Park 8
57%
USA Silver Dollar City 8
57%
USA Silverwood 7
57%
Mexico Six Flags Mexico 10
57%
USA Six Flags Over Texas 14
57%
USA Six Flags St. Louis 10
57%
USA California's Great America 9
43%
USA Disney World Magic Kingdom 5
43%
USA Holiday World 6
43%
USA Indiana Beach 7
43%
USA Kennywood 8
43%
USA Knoebel's 6
43%
USA Lagoon 10
43%
USA Michigan's Adventure 7
43%
USA Nickelodeon Universe 5
43%
USA Nickelodeon Universe 5
43%
USA SeaWorld Orlando 8
43%
USA SeaWorld San Antonio 8
43%
USA Six Flags Darien Lake 8
43%
USA Six Flags Discovery Kingdom 10
43%
USA Six Flags Great Escape 6
43%
USA Adventureland 7
29%
USA Cotaland 6
29%
USA Elitch Gardens 6
29%
USA Frontier City 5
29%
USA Islands of Adventure 5
29%
USA Kentucky Kingdom 6
29%
USA Lake Compounce 5
29%
USA Luna Park 8
29%
USA Magic Springs 5
29%
USA Mt. Olympus 5
29%
USA SeaWorld San Diego 5
29%
USA Valleyfair! 8
29%
USA Waldameer 5
29%
USA Wild Adventures 6
29%
USA Worlds of Fun 8
29%
Mexico BON Luxury Theme Park 5
14%
USA Lakeside Amusement Park 5
14%
USA La Ronde 8
14%
USA Morey's Piers 7
14%
Costa Rica Parque Diversiones 5
14%
USA Playland Park 5
14%
No matching quizzes found
Score Distribution
Percent of People with Each Score
Percentile by Number Answered
Your Score History
You have not taken this quiz